• 首页
  • 本馆介绍
  • 公告通知
  • 最新文献
  • 馆藏检索
  • 电子资源
  • 读者导购
  • 参考咨询
  • 我的图书馆
  • 登录
  • 详细信息显示
  • 放入我的书架
  • 预约/预借图书
  • 作者相关作品
  • 分类相关作品
  • 丛书相关作品
  • 出版社相关作品

书目信息

  • 表格格式
  • 工作单格式
  • 卡片格式
题名:
海洋督察制度研究
    
 
作者: 张新 著
分册:  
出版信息: 青岛   中国海洋大学出版社  2013
页数: 179页
开本: 22cm
丛书名: 海洋法学博士文库
单 册:
中图分类: P7
科图分类:
主题词: 海洋--hai yang--行政管理--研究
电子资源:
ISBN: 978-7-5670-0261-6
000 01028nam 2200301 450
001 012001001670
005 20131108161204.0
010    @a978-7-5670-0261-6@dCNY29.80
099    @aCAL 012014017016
100    @a20140221d2013 em y0chiy50 ea
101 0  @achi
102    @aCN@b370000
105    @aak a 000yy
106    @ar
200 1  @a海洋督察制度研究@Ahai yang du cha zhi du yan jiu@f张新著
210    @a青岛@c中国海洋大学出版社@d2013
215    @a179页@c图@d22cm
225 2  @a海洋法学博士文库@Ahai yang fa xue bo shi wen ku
312    @a英文题名取自封面
320    @a有书目 (第164-176页)
330    @a本书主要内容包括: 与本研究相关的基础理论 ; 中国海洋行政管理体制及其运行状况 ; 中国海洋行政立法和行政监察 ; 国内外行政督察制度及其实践等。
410  0 @12001@a海洋法学博士文库
510 1  @aResearch on the marine inspector system@zeng
606 0  @a海洋@Ahai yang@x行政管理@x研究
690    @aP7@v5
701  0 @a张新@Azhang xin@4著
801  0 @aCN@b北京卓展@c20191020
905    @b1198759-62@dP7@e115@f4
    
    海洋督察制度研究/张新著.-青岛:中国海洋大学出版社,2013
    179页:图;22cm.-(海洋法学博士文库)
    
    
    ISBN 978-7-5670-0261-6:CNY29.80
    本书主要内容包括: 与本研究相关的基础理论 ; 中国海洋行政管理体制及其运行状况 ; 中国海洋行政立法和行政监察 ; 国内外行政督察制度及其实践等。
●
相关链接 在E读中查询图书 在五车中查询图书 在当当中查询图书 在豆瓣中查询图书


正题名:海洋督察制度研究     索取号:P7/115         预约/预借

序号 登录号 条形码 馆藏地/架位号 状态 备注
1 1198759   211987590   第二样本阅览室/ [索取号:P7/115] 在馆    
2 1198760   211987607   第三借阅区/ [索取号:P7/115] 在馆    
3 1198761   211987616   第三借阅区/ [索取号:P7/115] 在馆    
4 1198762   211987625   第三借阅区/ [索取号:P7/115] 在馆    
唐山师范学院图书馆 欢迎您!
大连网信软件有限公司© 版权所有